Dinorah (Record no. 169899)

MARC details
000 -LEADER
campo de control de longitud fija 00705nam a22001935i 4500
001 - NÚMERO DE CONTROL
campo de control 169899
003 - IDENTIFICADOR DE NÚMERO DE CONTROL
campo de control ES-MaACL
005 - FECHA Y HORA DE LA ÚLTIMA TRANSACCIÓN
campo de control 20230906214231.0
008 - DATOS DE LONGITUD FIJA--INFORMACIÓN GENERAL
campo de control de longitud fija 081217s1993 xxk |||| | eng d
100 1# - ENTRADA PRINCIPAL--NOMBRE DE PERSONA
Nombre de persona Meyerbeer, Giacomo.
9 (RLIN) 80809
245 10 - MENCIÓN DEL TÍTULO
Título Dinorah
Resto del título : opéra comique in 3 acts /
Mención de responsabilidad, etc. by Giacomo Meyerbeer ; libretto by Jules Barbier, Michel Carré and Giacomo Meyerbeer.
260 ## - PUBLICACIÓN, DISTRIBUCIÓN, ETC.
Lugar de publicación, distribución, etc. [Londres :
Nombre del editor, distribuidor, etc. Opera rara,
Fecha de publicación, distribución, etc. 1993?]
300 ## - DESCRIPCIÓN FÍSICA
Extensión 39 p. ;
Dimensiones 20 cm.
500 ## - NOTA GENERAL
Nota general Texto en inglés y francés.
650 14 - PUNTO DE ACCESO ADICIONAL DE MATERIA--TÉRMINO DE MATERIA
Término de materia o nombre geográfico como elemento de entrada Óperas-
Subdivisión de forma Libretos.
9 (RLIN) 137584
700 1# - ENTRADA AGREGADA--NOMBRE PERSONAL
Nombre de persona Barbier, Jules.
9 (RLIN) 25457
700 1# - ENTRADA AGREGADA--NOMBRE PERSONAL
Nombre de persona Carré, Michel.
9 (RLIN) 138040
852 ## - LOCALIZACIÓN
Ubicación ES-MaACL
Número de control de estantería 2245-F-2
itemnumber R.140911
Nota libre .- Biblioteca Jacinto Martínez Lacalle
Holdings
Estatus retirado Estado de pérdida Estado de daño No para préstamo Colección Biblioteca de origen Biblioteca actual Ubicación en estantería Fecha de adquisición Fuente de adquisición Total de préstamos Signatura topográfica completa Código de barras Visto por última vez Precio de reemplazo Tipo de ítem Koha
        Colección de folletos Biblioteca del Ateneo de Madrid Biblioteca del Ateneo de Madrid Depósito folletos 17/12/2008     2245-F-2 1178377 23/02/2023 23/02/2023 Folleto